000 00305 a2200133 4500
000 nam a22 7a 4500
100 _aJaiswal
110 _aJaiswal
245 _aSkill India an encyclopedia of skilled
250 _aLatest edition
260 _bSatyam
_c2022
264 _bSatyam
_c2022
942 _cBK
999 _c312126
_d312126